00331nam a2200145Ia 450000500170000000800460001703700120006304000200007504100130009508400230010810000150013124500200014626000090016630000100017520250508162615.0008 250505s9999 xx 000 0 hin d aTextual aFEDLbengcFEDL ahin2eng a891.432, KALqFEDL aKalra Yash 0aSahar karib hai c1984 a128p.